[Event "Titled Tuesday intern op 2nd July"]
[Site "Chess.com INT"]
[Date "2019.07.02"]
[Round "4"]
[White "Funderburg, John T"]
[Black "Sandager, Stephen"]
[Result "1-0"]
[WhiteElo "2100"]
[BlackElo "2043"]
[PlyCount "156"]
[EventDate "2019.07.02"]
[EventType "swiss (blitz)"]
[EventRounds "10"]
[EventCountry "USA"]
[SourceTitle "EXT 2021"]
[Source "ChessBase"]
[SourceDate "2020.10.23"]
[SourceVersion "1"]
[SourceVersionDate "2020.10.23"]
[SourceQuality "1"]

1. d4 Nf6 2. Nf3 g6 3. Bf4 Bg7 4. c3 d5 5. e3 0-0 6. Be2 c5 7. 0-0 Nc6 8. h3 b6 9. Nbd2 Bb7 10. Ne5 Nd7 11. Nxc6 Bxc6 12. Nf3 Re8 13. b4 e5 14. Bh2 e4 15. Nd2 c4 16. a4 a6 17. Re1 Qe7 18. f3 Bh6 19. Nf1 Nf6 20. f4 Qd7 21. g4 Bf8 22. g5 Nh5 23. Bxh5 gxh5 24. Qxh5 Bxa4 25. Ng3 Bc6 26. f5 a5 27. bxa5 bxa5 28. Rf1 Ra6 29. f6 Bb7 30. Nf5 Kh8 31. Nh6 Bxh6 32. Qxh6 Rg8 33. Rf4 Bc8 34. Rh4 Qf5 35. Bf4 Qg6 36. Qxg6 Rxg6 37. Rh6 Rxh6 38. gxh6 a4 39. Ra3 Bd7 40. Be5 Kg8 41. Kf2 Kf8 42. Kg3 Ke8 43. Kf4 Kd8 44. h4 Be6 45. Kg3 Kd7 46. Kf4 Kc6 47. Kg3 Kb5 48. Kf2 Ra8 49. Ke1 Rg8 50. Kf2 Rg4 51. Ra1 Rxh4 52. Bf4 Rg4 53. Rb1+ Ka6 54. Rb4 Bd7 55. Rb8 Bb5 56. Bd6 Rg6 57. Bc5 Rxf6+ 58. Ke1 Rxh6 59. Ra8+ Kb7 60. Ra7+ Kc6 61. Rxf7 Rh2 62. Rf6+ Kc7 63. Bd6+ Kd7 64. Bxh2 Bc6 65. Bd6 h5 66. Ba3 Kc7 67. Rf7+ Bd7 68. Rh7 Kc6 69. Rxh5 Bg4 70. Rg5 Bf3 71. Rg6+ Kb5 72. Rd6 Ka5 73. Rxd5+ Kb6 74. Rc5 Ka6 75. Rxc4 Bh5 76. Rc6+ Kb5 77. Rc5+ Ka6 78. Rxh5 Kb6 1-0

[Event "Titled Tuesday intern op 1st Jan"]
[Site "Chess.com INT"]
[Date "2019.01.01"]
[Round "4"]
[White "Forster, William"]
[Black "Sandager, Stephen"]
[Result "0-1"]
[WhiteElo "1856"]
[BlackElo "2064"]
[PlyCount "66"]
[EventDate "2019.01.01"]
[EventType "swiss (blitz)"]
[EventRounds "10"]
[EventCountry "USA"]
[SourceTitle "EXT 2021"]
[Source "ChessBase"]
[SourceDate "2020.10.23"]
[SourceVersion "1"]
[SourceVersionDate "2020.10.23"]
[SourceQuality "1"]

1. d4 Nf6 2. c4 g6 3. Nc3 d5 4. cxd5 Nxd5 5. e4 Nxc3 6. bxc3 Bg7 7. Nf3 0-0 8. Rb1 c5 9. Be2 Nc6 10. Be3 cxd4 11. cxd4 Qa5+ 12. Qd2 Qxd2+ 13. Kxd2 Rd8 14. d5 e6 15. Bc4 Na5 16. Kd3 exd5 17. Bxd5 Be6 18. Rb5 b6 19. Rc1 Nb7 20. Ke2 Bxd5 21. exd5 Nd6 22. Rb4 Rac8 23. Rxc8 Rxc8 24. Bd4 Rc2+ 25. Kd3 Rxa2 26. Ne5 Ra5 27. Nc6 Bxd4 28. Kxd4 Kf8 29. Rb2 Ra4+ 30. Kd3 Ra5 31. Kd4 Rc5 32. Re2 a5 33. Re7 Nf5+ 0-1

[Event "Titled Tuesday intern op 6th Nov"]
[Site "Chess.com INT"]
[Date "2018.11.06"]
[Round "1"]
[White "Solon, Nathan"]
[Black "Sandager, Stephen"]
[Result "1-0"]
[WhiteElo "2290"]
[BlackElo "2064"]
[PlyCount "103"]
[EventDate "2018.11.06"]
[EventType "swiss (blitz)"]
[EventRounds "10"]
[EventCountry "USA"]
[SourceTitle "EXT 2021"]
[Source "ChessBase"]
[SourceDate "2020.10.23"]
[SourceVersion "1"]
[SourceVersionDate "2020.10.23"]
[SourceQuality "1"]

1. e4 e5 2. Nf3 Nc6 3. Bc4 Bc5 4. c3 Nf6 5. d3 d6 6. 0-0 h6 7. a4 a6 8. Re1 0-0 9. h3 Be6 10. Bxe6 fxe6 11. d4 exd4 12. cxd4 Bb4 13. Bd2 Bxd2 14. Nbxd2 Kh7 15. Qb3 Qe8 16. Rac1 Rb8 17. e5 Nd5 18. exd6 cxd6 19. Ne4 Qg6 20. Nxd6 Nf4 21. Nh4 Qh5 22. Qg3 g5 23. Nf3 Nxh3+ 24. Qxh3 Qxh3 25. gxh3 Rxf3 26. Rxe6 Nxd4 27. Re7+ Kg6 28. Kg2 Rb3 29. Rcc7 Rg8 30. Rxb7 Rxb7 31. Rxb7 h5 32. Rb6 h4 33. Nb5+ Kf5 34. Nxd4+ Ke4 35. Nf3 g4 36. Nxh4 gxh3+ 37. Kxh3 a5 38. Rb5 Rf8 39. f3+ Kd4 40. Rxa5 Kc4 41. Rf5 Rh8 42. a5 Kb3 43. a6 Kxb2 44. a7 Ra8 45. Ra5 Kb3 46. f4 Kb4 47. Ra1 Kb5 48. f5 Kc6 49. Kg4 Kb7 50. f6 Rf8 51. a8Q+ Rxa8 52. Rxa8 1-0

[Event "Titled Tuesday intern op 7th Aug"]
[Site "Chess.com INT"]
[Date "2018.08.07"]
[Round "8"]
[White "Sandager, Stephen"]
[Black "Crispin Ferreras, Darvi Abraham"]
[Result "0-1"]
[WhiteElo "2064"]
[BlackElo "2181"]
[PlyCount "63"]
[EventDate "2018.08.07"]
[EventType "swiss (blitz)"]
[EventRounds "10"]
[EventCountry "USA"]
[SourceTitle "EXT 2021"]
[Source "ChessBase"]
[SourceDate "2020.10.23"]
[SourceVersion "1"]
[SourceVersionDate "2020.10.23"]
[SourceQuality "1"]

1. e4 c5 2. Nf3 e6 3. d4 cxd4 4. Nxd4 a6 5. Nc3 Bc5 6. Be3 d6 7. Be2 Nc6 8. 0-0 Nxd4 9. Bxd4 Nf6 10. e5 Bxd4 11. Qxd4 dxe5 12. Qxe5 0-0 13. Rad1 Qb6 14. Rd3 Bd7 15. Rg3 Qd8 16. Ne4 Kh8 17. Rd1 Rg8 18. Nxf6 gxf6 19. Qd4 Bc6 20. Qh4 Qe7 21. Bd3 Rg6 22. Bxg6 fxg6 23. Rxg6 Rf8 24. Rh6 Qg7 25. g3 b5 26. Rd6 Bd5 27. Rxa6 f5 28. Ra3 f4 29. Rc3 b4 30. Rd3 Be4 31. Rd4 Qxd4 32. Rxe6 0-1

[Event "Titled Tuesday intern op 12th Dec"]
[Site "Chess.com INT"]
[Date "2017.12.12"]
[Round "1"]
[White "Maatman, Nick"]
[Black "Sandager, Stephen"]
[Result "1-0"]
[WhiteElo "2367"]
[BlackElo "2083"]
[PlyCount "49"]
[EventDate "2017.12.12"]
[EventType "swiss (blitz)"]
[EventRounds "10"]
[EventCountry "USA"]
[SourceTitle "EXT 2021"]
[Source "ChessBase"]
[SourceDate "2020.10.23"]
[SourceVersion "1"]
[SourceVersionDate "2020.10.23"]
[SourceQuality "1"]

1. d4 Nf6 2. c4 g6 3. Nc3 d5 4. cxd5 Nxd5 5. e4 Nxc3 6. bxc3 Bg7 7. Nf3 c5 8. Rb1 Qa5 9. Rb5 Qxa2 10. Rxc5 0-0 11. Bc4 Qa1 12. 0-0 b6 13. Rc7 Na6 14. Rxe7 Qxc3 15. Bd5 Bf6 16. Rxf7 Rxf7 17. Bxa8 Nc7 18. e5 Bd8 19. Be4 Bg4 20. h3 Bxf3 21. Bxf3 Rd7 22. Be3 Ne6 23. Qa4 Rxd4 24. Qe8+ Kg7 25. Qxe6 1-0

[Event "Titled Tuesday intern op 12th Dec"]
[Site "Chess.com INT"]
[Date "2017.12.12"]
[Round "7"]
[White "Sandager, Stephen"]
[Black "Ortega Amarelle, Mariano"]
[Result "0-1"]
[WhiteElo "2083"]
[BlackElo "2446"]
[PlyCount "52"]
[EventDate "2017.12.12"]
[EventType "swiss (blitz)"]
[EventRounds "10"]
[EventCountry "USA"]
[SourceTitle "EXT 2021"]
[Source "ChessBase"]
[SourceDate "2020.10.23"]
[SourceVersion "1"]
[SourceVersionDate "2020.10.23"]
[SourceQuality "1"]

1. e4 c5 2. Nf3 Nc6 3. d4 cxd4 4. Nxd4 Nf6 5. Nc3 d6 6. Be2 e5 7. Nb3 Be7 8. 0-0 0-0 9. Qd3 a5 10. a4 Nb4 11. Qd1 Be6 12. Bg5 Nxe4 13. Nxe4 Bxg5 14. Nxd6 Be7 15. Nc4 Qxd1 16. Raxd1 Nxc2 17. Nbxa5 Nd4 18. Bd3 b6 19. Nb7 Rxa4 20. Nxe5 Rb8 21. Be4 Ne2+ 22. Kh1 Rxe4 23. Nc6 Rxb7 24. Nxe7+ Kf8 25. Nc6 Rd7 26. Ra1 g6 0-1

[Event "Titled Tuesday intern op 12th Dec"]
[Site "Chess.com INT"]
[Date "2017.12.12"]
[Round "8"]
[White "Sandager, Stephen"]
[Black "Tay, Junior"]
[Result "0-1"]
[WhiteElo "2083"]
[BlackElo "2230"]
[PlyCount "132"]
[EventDate "2017.12.12"]
[EventType "swiss (blitz)"]
[EventRounds "10"]
[EventCountry "USA"]
[SourceTitle "EXT 2021"]
[Source "ChessBase"]
[SourceDate "2020.10.23"]
[SourceVersion "1"]
[SourceVersionDate "2020.10.23"]
[SourceQuality "1"]

1. e4 e5 2. Nf3 Nf6 3. Nxe5 Nc6 4. Nxc6 dxc6 5. Nc3 Bc5 6. Bc4 Ng4 7. 0-0 Qh4 8. h3 Nxf2 9. Rxf2 Qxf2+ 10. Kh1 Bg4 11. Qf1 Be6 12. Be2 0-0-0 13. d3 Qxf1+ 14. Bxf1 f5 15. exf5 Bxf5 16. Bg5 Rde8 17. Be2 Bd4 18. Bf3 Bxc3 19. bxc3 Rhf8 20. Rb1 Bxh3 21. Bh4 Be6 22. Bg3 g6 23. c4 h5 24. Bh4 Bd7 25. a4 a5 26. Be1 b6 27. Bh4 Re6 28. Bf2 c5 29. Bg3 Bc6 30. Bxc6 Rxc6 31. Re1 Rf7 32. Re8+ Kb7 33. Rg8 Re6 34. Kh2 Re2 35. c3 Rd2 36. d4 cxd4 37. cxd4 Rxd4 38. Rxg6 Rxc4 39. Rh6 Rf5 40. Rh7 Rxa4 41. Rxc7+ Ka6 42. Rc8 Rg4 43. Rh8 a4 44. Rb8 Kb5 45. Bc7 Rg6 46. g3 Rc6 47. Bf4 Kc4 48. Kh3 a3 49. Ra8 Kb3 50. Ra7 Ra5 51. Re7 a2 52. Be5 a1Q 53. Bxa1 Rxa1 54. Kg2 Ra5 55. Re3+ Kb4 56. Re4+ Kb5 57. Re5+ Rc5 58. Re7 Ra3 59. Kh3 Rcc3 60. Re5+ Kb4 61. Rg5 Rxg3+ 62. Rxg3 Rxg3+ 63. Kxg3 Kc3 64. Kh4 b5 65. Kxh5 b4 66. Kh6 b3 0-1

[Event "Titled Tuesday intern op 2nd Dec"]
[Site "Chess.com INT"]
[Date "2017.12.05"]
[Round "1"]
[White "Reshetkov, Kirill"]
[Black "Sandager, Stephen"]
[Result "1-0"]
[WhiteElo "2256"]
[BlackElo "2083"]
[PlyCount "67"]
[EventDate "2017.12.05"]
[EventType "swiss (blitz)"]
[EventRounds "10"]
[EventCountry "USA"]
[SourceTitle "EXT 2021"]
[Source "ChessBase"]
[SourceDate "2020.10.23"]
[SourceVersion "1"]
[SourceVersionDate "2020.10.23"]
[SourceQuality "1"]

1. d4 Nf6 2. Nf3 g6 3. Bf4 Bg7 4. e3 d5 5. c4 0-0 6. Nc3 c5 7. dxc5 Be6 8. Ng5 Qa5 9. Nxe6 fxe6 10. Be2 Ne4 11. 0-0 Nxc3 12. bxc3 Qxc5 13. Rb1 Nc6 14. cxd5 exd5 15. Rb5 Qxc3 16. Qxd5+ Kh8 17. Rxb7 Rad8 18. Qb3 Qf6 19. Qc2 Nd4 20. Qc4 Nxe2+ 21. Qxe2 a5 22. h3 Rc8 23. Rd1 e5 24. Bg3 Rfd8 25. Rxd8+ Rxd8 26. Rb5 Qf5 27. e4 Qc8 28. Kh2 Qc1 29. Rd5 Rc8 30. Qd1 Qg5 31. f4 Qe7 32. Rd7 Qb4 33. Rd8+ Bf8 34. f5 1-0

[Event "Philadelphia op"]
[Site "Philadelphia"]
[Date "2010.04.01"]
[Round "2"]
[White "Ding, Andrew"]
[Black "Sandager, Stephen"]
[Result "0-1"]
[WhiteElo "2037"]
[BlackElo "2161"]
[PlyCount "54"]
[EventDate "2010.03.31"]
[EventType "swiss"]
[EventRounds "9"]
[EventCountry "USA"]
[SourceTitle "CBM 135 Extra"]
[Source "ChessBase"]
[SourceDate "2010.05.04"]
[SourceVersion "1"]
[SourceVersionDate "2010.05.04"]
[SourceQuality "1"]

1. d4 Nf6 2. c4 g6 3. Nc3 d5 4. cxd5 Nxd5 5. Bd2 Bg7 6. e4 Nb6 7. Be3 0-0 8. Nf3 Nc6 9. h3 e5 10. d5 Ne7 11. Qb3 Kh8 12. Nh2 f5 13. f3 c6 14. Bxb6 axb6 15. Rd1 cxd5 16. exd5 Bd7 17. Bb5 Rf6 18. 0-0 Nc8 19. Rfe1 Rd6 20. Nf1 Qc7 21. Ne3 Qc5 22. Kh1 Bxb5 23. Nxb5 Rd8 24. Nc4 Ne7 25. Nxe5 Rxd5 26. Rc1 Rxe5 27. Red1 Qxb5 0-1

[Event "Philadelphia op"]
[Site "Philadelphia"]
[Date "2010.03.31"]
[Round "1"]
[White "Sandager, Stephen"]
[Black "Kamsky, Gata"]
[Result "0-1"]
[WhiteElo "2161"]
[BlackElo "2702"]
[PlyCount "52"]
[EventDate "2010.03.31"]
[EventType "swiss"]
[EventRounds "9"]
[EventCountry "USA"]
[SourceTitle "CBM 135 Extra"]
[Source "ChessBase"]
[SourceDate "2010.05.04"]
[SourceVersion "1"]
[SourceVersionDate "2010.05.04"]
[SourceQuality "1"]

1. d4 Nf6 2. c4 g6 3. Nc3 d5 4. Nf3 Bg7 5. cxd5 Nxd5 6. e4 Nxc3 7. bxc3 0-0 8. Rb1 c5 9. Be2 Nc6 10. d5 Ne5 11. Nxe5 Bxe5 12. Qd2 e6 13. f4 Bc7 14. 0-0 exd5 15. exd5 Ba5 16. Rb3 a6 17. f5 Re8 18. fxg6 hxg6 19. Qf4 Bf5 20. Bf3 b5 21. d6 c4 22. Bxa8 cxb3 23. Bd5 bxa2 24. Bxa2 Bxc3 25. Qg3 Be5 26. Bf4 Qxd6 0-1

[Event "Las Vegas National op"]
[Site "Las Vegas"]
[Date "2008.06.06"]
[Round "2"]
[White "Robson, Ray"]
[Black "Sandager, Stephen"]
[Result "1-0"]
[WhiteElo "2433"]
[BlackElo "2165"]
[PlyCount "95"]
[EventDate "2008.06.06"]
[EventType "swiss"]
[EventRounds "6"]
[EventCountry "USA"]
[SourceTitle "CBM 124 Extra"]
[Source "ChessBase"]
[SourceDate "2008.07.03"]
[SourceVersion "1"]
[SourceVersionDate "2008.07.03"]
[SourceQuality "1"]

1. e4 e5 2. Nf3 Nc6 3. Bb5 a6 4. Ba4 Nf6 5. 0-0 b5 6. Bb3 Be7 7. Re1 0-0 8. a4 Bb7 9. d3 d6 10. Nbd2 Re8 11. Nf1 Bf8 12. Bg5 h6 13. Bh4 Be7 14. Ne3 Nd7 15. Nf5 Bxh4 16. N3xh4 Nc5 17. Re3 Nxb3 18. Rg3 Nbd4 19. Rxg7+ Kh8 20. Qh5 Nxf5 21. Nxf5 Qf6 22. Rxf7 Qg5 23. Qxg5 hxg5 24. Rxc7 Rab8 25. axb5 axb5 26. Nxd6 Re7 27. Rxe7 Nxe7 28. f3 Nc6 29. c3 b4 30. Nf7+ Kg7 31. Nxg5 Kf6 32. Nh3 Bc8 33. Nf2 Rb6 34. Kf1 Ba6 35. Ke2 bxc3 36. bxc3 Nd8 37. g3 Nb7 38. Ke3 Nc5 39. Ra5 Nd7 40. f4 Ke6 41. Ng4 exf4+ 42. gxf4 Kd6 43. f5 Kc7 44. e5 Nb8 45. d4 Rb1 46. f6 Rf1 47. Nf2 Kd7 48. d5 1-0

[Event "Albuquerque op"]
[Site "Albuquerque"]
[Date "1997.??.??"]
[Round "5"]
[White "Fleitas, Humberton"]
[Black "Sandager, Stephen"]
[Result "0-1"]
[WhiteElo "1985"]
[BlackElo "2270"]
[PlyCount "132"]
[EventDate "1997.??.??"]
[EventType "swiss"]
[EventRounds "5"]
[EventCountry "USA"]
[SourceTitle "EXT 2006"]
[Source "ChessBase"]
[SourceDate "2005.11.24"]
[SourceVersion "1"]
[SourceVersionDate "2005.11.24"]
[SourceQuality "1"]

1. Nf3 Nf6 2. g3 g6 3. Bg2 Bg7 4. 0-0 0-0 5. c4 c6 6. d4 d5 7. b3 Ne4 8. Bb2 Nd7 9. cxd5 cxd5 10. Nc3 Ndf6 11. Nxe4 Nxe4 12. Rc1 Bh6 13. e3 Bg4 14. h3 Bxf3 15. Bxf3 f5 16. Bg2 Qa5 17. a3 Rac8 18. Qd3 e6 19. b4 Qa4 20. Rxc8 Rxc8 21. Rc1 Rxc1+ 22. Bxc1 Bf8 23. Bf1 a5 24. bxa5 Qxa5 25. Bb2 Qa4 26. Be2 Qa5 27. Bf1 Bd6 28. Kg2 Bxg3 29. f3 Qe1 30. Qe2 Nd6 31. Qxe1 Bxe1 32. Bc1 Kf7 33. Bd3 Ke7 34. Kf1 Bc3 35. Ke2 Kd7 36. Kd1 Kc6 37. Kc2 Be1 38. Kd1 Ba5 39. a4 Bb4 40. Kc2 Kb6 41. Kb3 Ka5 42. Be2 Nc4 43. Bxc4 dxc4+ 44. Kxc4 Kxa4 45. d5 b5+ 46. Kd4 exd5 47. Kxd5 Ba3 48. Bd2 b4 49. e4 fxe4 50. Kxe4 b3 51. Bc3 Bc1 52. f4 Ka3 53. h4 Bb2 54. Bd2 Bf6 55. Bc1+ Ka2 56. h5 Kb1 57. Ba3 Kc2 58. f5 gxf5+ 59. Kxf5 Be7 60. Bxe7 b2 61. Kg5 b1Q 62. Kh6 Kb3 63. Bf8 Kc4 64. Kg7 Kd5 65. h6 Qg6+ 66. Kh8 Ke6 0-1

[Event "Albuquerque op"]
[Site "Albuquerque"]
[Date "1997.??.??"]
[Round "2"]
[White "Sandager, Stephen"]
[Black "Kubala, Steve"]
[Result "1-0"]
[WhiteElo "2270"]
[BlackElo "1905"]
[PlyCount "49"]
[EventDate "1997.??.??"]
[EventType "swiss"]
[EventRounds "5"]
[EventCountry "USA"]
[SourceTitle "EXT 2006"]
[Source "ChessBase"]
[SourceDate "2005.11.24"]
[SourceVersion "1"]
[SourceVersionDate "2005.11.24"]
[SourceQuality "1"]

1. e4 e6 2. d4 d5 3. Nc3 Bb4 4. e5 c5 5. a3 Bxc3+ 6. bxc3 Qc7 7. Nf3 Bd7 8. a4 Ne7 9. Be2 b6 10. 0-0 Nbc6 11. Re1 Ng6 12. Ba3 Nce7 13. Bb5 Rc8 14. Ba6 Rd8 15. Bc1 0-0 16. Bf1 Rc8 17. Bd3 f6 18. exf6 Rxf6 19. Bg5 Rff8 20. Ne5 Nxe5 21. Rxe5 Ng6 22. Qh5 Be8 23. Rxe6 Qf7 24. Re2 c4 25. Bxg6 1-0

[Event "National op"]
[Site "Las Vegas"]
[Date "1997.??.??"]
[Round "2"]
[White "Sandager, Stephen"]
[Black "Miles, Anthony John"]
[Result "0-1"]
[WhiteElo "2275"]
[BlackElo "2565"]
[PlyCount "94"]
[EventDate "1997.08.03"]
[EventType "swiss"]
[EventRounds "6"]
[EventCountry "USA"]
[SourceTitle "CBM 058 Extra"]
[Source "ChessBase"]
[SourceDate "1997.07.29"]
[SourceVersion "1"]
[SourceVersionDate "1997.07.29"]
[SourceQuality "1"]

1. d4 Nf6 2. Nf3 c5 3. d5 b5 4. c4 Bb7 5. Bg5 Ne4 6. Bh4 Qa5+ 7. Nc3 bxc4 8. Nd2 Nxc3 9. bxc3 Bxd5 10. e4 Be6 11. Qc2 Nc6 12. Be2 g6 13. 0-0 Bg7 14. Rac1 0-0 15. Bxc4 Rab8 16. Bd5 Rfe8 17. Bg3 Rbc8 18. Nc4 Qa6 19. Ne3 Bxd5 20. Nxd5 d6 21. Bh4 Qc4 22. Ne3 Qe6 23. Qa4 f5 24. exf5 gxf5 25. Rfe1 Qf7 26. f4 e6 27. Nc4 Qc7 28. Bg3 Rb8 29. Qd1 d5 30. Ne5 Nxe5 31. fxe5 Rb2 32. Rc2 Reb8 33. Rxb2 Rxb2 34. Qa4 Rb8 35. h3 c4 36. Kh2 Bh6 37. Qd1 Qg7 38. Re2 Qg6 39. Qd4 Rb7 40. Rf2 Rg7 41. Bh4 Bg5 42. Bxg5 Qxg5 43. Rb2 Qg3+ 44. Kh1 h6 45. a4 f4 46. Qf2 Qxf2 47. Rxf2 Rg3 0-1

[Event "American op"]
[Site "Los Angeles"]
[Date "1995.??.??"]
[Round "5"]
[White "Sandager, Stephen"]
[Black "Muhammad, Stephen A"]
[Result "0-1"]
[WhiteElo "2230"]
[BlackElo "2290"]
[PlyCount "74"]
[EventDate "1995.11.23"]
[EventType "swiss"]
[EventRounds "8"]
[EventCountry "USA"]
[SourceTitle "EXT 1998"]
[Source "ChessBase"]
[SourceDate "1997.11.17"]
[SourceVersion "1"]
[SourceVersionDate "1997.11.17"]
[SourceQuality "1"]

1. d4 Nf6 2. c4 g6 3. Nc3 Bg7 4. e4 d6 5. Be2 0-0 6. Nf3 e5 7. 0-0 Nc6 8. d5 Ne7 9. Ne1 Nd7 10. Bd2 f5 11. Nd3 Nf6 12. f3 Kh8 13. c5 Neg8 14. Rc1 Nh6 15. cxd6 cxd6 16. Nf2 Nh5 17. Nb5 Nf4 18. Nc7 Rb8 19. g3 Nxe2+ 20. Qxe2 Bd7 21. Bb4 Rf6 22. Rc2 Nf7 23. h4 Qe7 24. g4 fxg4 25. fxg4 Rf4 26. Ne6 Qxh4 27. Nxf4 exf4 28. Qf3 Rf8 29. Qg2 Kg8 30. Bc3 Ne5 31. Qh3 Qg5 32. Bxe5 Bxe5 33. Rc7 Rf7 34. Rfc1 Bd4 35. Kf1 f3 36. Qg3 Be5 37. Qg1 Bb5+ 0-1

[Event "Las Vegas National op"]
[Site "Las Vegas"]
[Date "1994.??.??"]
[Round "?"]
[White "Sandager, Stephen"]
[Black "Margulis, Igor"]
[Result "0-1"]
[WhiteElo "2325"]
[BlackElo "2295"]
[PlyCount "69"]
[EventDate "1994.??.??"]
[EventType "swiss"]
[EventRounds "6"]
[EventCountry "USA"]
[SourceTitle "EXT 1997"]
[Source "ChessBase"]
[SourceDate "1996.11.15"]
[SourceVersion "1"]
[SourceVersionDate "1996.11.15"]
[SourceQuality "1"]

1. d4 f5 2. Nf3 Nf6 3. g3 g6 4. Bg2 Bg7 5. 0-0 d6 6. c4 0-0 7. Nc3 c6 8. d5 e5 9. dxe6 Bxe6 10. b3 Na6 11. Bf4 Nh5 12. Bd2 Nc5 13. Rb1 a5 14. Bg5 Qd7 15. Qd2 f4 16. Rbc1 h6 17. Bxf4 Bxc3 18. Qxc3 Nxf4 19. gxf4 Rxf4 20. Nd2 Raf8 21. Qxa5 Bh3 22. Rc3 Rh4 23. Rg3 Kh7 24. Qc3 Bxg2 25. Kxg2 d5 26. Qc2 Rf6 27. cxd5 Qxd5+ 28. f3 Rd4 29. Nc4 h5 30. Kh1 h4 31. Rg2 Ne6 32. Rfg1 Qh5 33. Ne3 Kg7 34. Rg4 Nf4 35. Qb2 0-1